[Event "San Borja Nombre de Jesus II"]
[Site "San Borja"]
[Date "2015.06.13"]
[Round "3"]
[White "Catano, Alvaro"]
[Black "Mesones Florian, Sebastian"]
[Result "1-0"]
[WhiteElo "1361"]
[BlackElo "1335"]
[PlyCount "89"]
[EventDate "2015.06.12"]
[EventType "swiss"]
[EventRounds "7"]
[EventCountry "PER"]
[SourceTitle "EXT 2024"]
[Source "ChessBase"]
[SourceDate "2023.10.10"]
[SourceVersion "1"]
[SourceVersionDate "2023.10.10"]
[SourceQuality "1"]

1. e4 e5 2. Nf3 Nc6 3. Bb5 Nf6 4. d3 d6 5. 0-0 Bd7 6. c3 a6 7. Ba4 b5 8. Bc2 g6 9. Nbd2 Bg7 10. Re1 0-0 11. Nf1 b4 12. cxb4 Nxb4 13. Bb3 Bb5 14. Bc2 Qd7 15. a3 Nxc2 16. Qxc2 Qc6 17. Qxc6 Bxc6 18. b4 Bb5 19. Rd1 Ba4 20. Rd2 Bh6 21. Rb2 Bg7 22. Ne3 c6 23. Raa2 d5 24. Nd2 Rfc8 25. f3 Rab8 26. Nb3 Bxb3 27. Rxb3 Bh6 28. Nxd5 cxd5 29. Bxh6 dxe4 30. dxe4 Nh5 31. Rd3 Rd8 32. Rad2 Rxd3 33. Rxd3 f6 34. g4 Nf4 35. Bxf4 exf4 36. Rd6 Ra8 37. Rxf6 a5 38. Rxf4 axb4 39. axb4 Ra1+ 40. Kf2 Rd1 41. e5 Kg7 42. e6 Rd6 43. e7 Re6 44. Re4 Rxe4 45. fxe4 1-0

[Event "Lima Santisimo Nombre de Jesus 2"]
[Site "Lima"]
[Date "2014.05.04"]
[Round "7"]
[White "Mesones Florian, Sebastian"]
[Black "Romero Dongo, Antonella"]
[Result "0-1"]
[WhiteElo "1313"]
[BlackElo "1549"]
[PlyCount "82"]
[EventDate "2014.04.26"]
[EventType "swiss"]
[EventRounds "8"]
[EventCountry "PER"]
[SourceTitle "EXT 2024"]
[Source "ChessBase"]
[SourceDate "2023.10.10"]
[SourceVersion "1"]
[SourceVersionDate "2023.10.10"]
[SourceQuality "1"]

1. e4 e6 2. d4 d5 3. e5 c5 4. Nf3 Nc6 5. c3 cxd4 6. cxd4 Nge7 7. Bb5 Bd7 8. 0-0 Nf5 9. Nc3 a6 10. Bxc6 Bxc6 11. a3 Rc8 12. Be3 Be7 13. Rc1 0-0 14. Re1 Qb6 15. Qd2 Bd7 16. h3 Rc4 17. b4 Rfc8 18. Kh1 a5 19. Qb2 axb4 20. Bd2 Qa5 21. axb4 Bxb4 22. Rc2 Bxc3 23. Rxc3 Rxc3 24. Qxb7 Qc7 25. Qxc7 R3xc7 26. Ra1 h6 27. Rb1 Rc4 28. Bf4 Nxd4 29. Nxd4 Rxd4 30. Be3 Re4 31. Rb7 Ba4 32. Rb1 d4 33. Bd2 Re2 34. Rb2 Rc2 35. Rb8+ Kh7 36. Bf4 d3 37. Kh2 Rxf2 38. Rb1 Rxg2+ 39. Kh1 Bc6 40. Rb8 Rh2+ 41. Kg1 Rh1# 0-1